Brawl Stars brawlers - Statistics

General Stats
  • This quiz has been taken 14 times
    13 since last reset
  • The average score is 8 of 13
Answers on the Grid
Answers color-coded by a green-red scale on the quiz's grid according to % correct below.
Dynamike
Ruffs
Tara
Cold
Edgay
Tick
Funk
Colt
Barry
Edgar
Window
Fang
Berry
Rick
Dough
Kit
Traco
Willow
Kenji
Squeak
Shake
Piper
Charly
Kaiju
Kiss
 
Answer Stats
Answer % Correct
Colt
100%
Dynamike
90%
Tara
80%
Edgar
70%
Fang
70%
Piper
70%
Tick
60%
Berry
50%
Kit
50%
Squeak
50%
Willow
50%
Kenji
40%
Ruffs
40%
No matching quizzes found
Score Distribution
Percent of People with Each Score
Percentile by Number Answered
Your Score History
You have not taken this quiz since the last reset